00653nam a2200205Ia 4500008004000000020001500040041000800055082001700063100004700080245002800127260004600155300001300201650001100214650001300225650001200238690002100250906001100271999001900282952014600301210210b2011 xxu||||| |||| 00| 0 eng d a0198074093 aeng a338.954 INDE aINDIA (Government of), ministry of finance aEconomic survey 2010-11 aNew DelhibOxford University Pressc2011 aviii,456 asurvey aEconomic a2010-11 aIndian Economics a066066 c146775d146775 001040738EconomicsaALbALcRSd2021-02-17eIntact Bookhouse Pvt Ltdg350.00l0o338.954 INDEp066066r2021-02-17 00:00:00w2021-02-17yBK